Pays ayant une seule frontière + leur pays frontalier - Statistiques

Statistiques générales
  • Ce quiz a été pris 704 fois
  • Le résultat moyen est 27 sur 34
Statistiques - réponses
Réponse % Correct
Lesotho
90%
Corée du Sud
89%
Canada
88%
Vatican
87%
Afrique du Sud
85%
Corée du Nord
85%
Irlande
85%
Irlande
85%
Saint-Marin
85%
Portugal
84%
Etats-Unis
83%
Indonésie
83%
Indonésie
83%
Royaume-Uni
83%
Royaume-Uni
83%
Italie
82%
Italie
82%
Haïti
80%
Haïti
80%
Espagne
79%
Papouasie-Nouvelle-Guinée
79%
Monaco
78%
République Dominicaine
77%
République Dominicaine
77%
Malaisie
76%
France
75%
Timor Oriental
75%
Brunei
73%
Danemark
72%
Qatar
72%
Gambie
69%
Arabie Saoudite
68%
Allemagne
67%
Sénégal
65%
Aucun quiz correspondant
Distribution des résultats
% des personnes avec chaque résultat
Percentile par nombre de réponses
Votre historique - résultats
Vous n’avez pas pris ce quiz